000 00778nam a2200265Ia 4500
003 OSt
005 20220928125418.0
006 a|||||r|||| 00| 0
007 ta
008 220927b |||||||| |||| 00| 0 eng d
020 _cUSD 94.95
024 _a136952
037 _b172, 18/01/2018, Classic Book Service
_cTextual
040 _aSDCL
_cSDCL
_beng
041 _2eng
_aeng
082 _aX623, Q8
100 _aStowell David P.
_9451363
245 0 _aInvestment banks, hedge funds, and private equity
250 _a3rd
260 _aLondon
_bAcademic Press
_c2018
300 _axvii,714p.
_ccm.
650 _aFinancial Studies
942 _hX623, Q8
_cTEXL
_2CC
999 _c782159
_d782159